<?xml version="1.0" encoding="UTF-8"?><?xml-stylesheet type="text/xsl" href="static/style.xsl"?><OAI-PMH xmlns="http://www.openarchives.org/OAI/2.0/" xmlns:xsi="http://www.w3.org/2001/XMLSchema-instance" xsi:schemaLocation="http://www.openarchives.org/OAI/2.0/ http://www.openarchives.org/OAI/2.0/OAI-PMH.xsd"><responseDate>2026-04-27T12:56:05Z</responseDate><request verb="GetRecord" identifier="oai:uvadoc.uva.es:10324/38466" metadataPrefix="marc">https://uvadoc.uva.es/oai/request</request><GetRecord><record><header><identifier>oai:uvadoc.uva.es:10324/38466</identifier><datestamp>2021-06-18T07:18:49Z</datestamp><setSpec>com_10324_38</setSpec><setSpec>col_10324_787</setSpec></header><metadata><record xmlns="http://www.loc.gov/MARC21/slim" xmlns:doc="http://www.lyncode.com/xoai" xmlns:xsi="http://www.w3.org/2001/XMLSchema-instance" xmlns:dcterms="http://purl.org/dc/terms/" xsi:schemaLocation="http://www.loc.gov/MARC21/slim http://www.loc.gov/standards/marcxml/schema/MARC21slim.xsd">
<leader>00925njm 22002777a 4500</leader>
<datafield tag="042" ind1=" " ind2=" ">
<subfield code="a">dc</subfield>
</datafield>
<datafield tag="720" ind1=" " ind2=" ">
<subfield code="a">Martínez Reguera, Francisco Javier</subfield>
<subfield code="e">author</subfield>
</datafield>
<datafield tag="260" ind1=" " ind2=" ">
<subfield code="c">2019</subfield>
</datafield>
<datafield tag="520" ind1=" " ind2=" ">
<subfield code="a">Densities and kinematic viscosities of binary mixtures of methanol + 2,5,8-trioxanonane, or +&#xd;
2,5,8,11-tetraoxadodecane, or + 2,5,8,11,14-pentaoxapentadecane have been measured over the&#xd;
whole composition range at 293.15, 298.15 and 303.15 K and atmospheric pressure. Densities&#xd;
were determined using a vibrating-tube density meter and viscosities were measured with an&#xd;
automatic Ubbelohde capillary viscometer. The experimental results have been used to calculate&#xd;
the excess molar volumes, V E&#xd;
m&#xd;
, and the deviations of dynamic viscosity, . Moreover, viscosity&#xd;
data were correlated by some semi-empirical equations (Grunberg-Nissan, Hind, Frenkel, Katti-&#xd;
Chaudhri, McAllister and Heric). The large and negative V E&#xd;
m&#xd;
and the positive  values obtained&#xd;
seem to remark the predominant contribution of free volume effects on interactional effects to&#xd;
these thermophysical properties.</subfield>
</datafield>
<datafield tag="024" ind2=" " ind1="8">
<subfield code="a">http://uvadoc.uva.es/handle/10324/38466</subfield>
</datafield>
<datafield tag="245" ind1="0" ind2="0">
<subfield code="a">Volumetric and viscosimetric measurements for methanol + CH3-O- (CH2CH2O)n-CH3 (n = 2, 3, 4) mixtures at (293.15-303.15) K</subfield>
</datafield>
</record></metadata></record></GetRecord></OAI-PMH>